000 00348nam a2200133Ia 4500
008 220120s9999||||xx |||||||||||||| ||und||
020 _a9780070964333
082 _a621.8 HAL
100 _aHall, Allen S and Others
245 0 _aMachine Design
260 _aTata mc graw hill ltd.
_bNew Delhi
_c2011
300 _a870p.
_b795
650 _aMECHANICAL
999 _c132694
_d132694